<?xml version="1.0" encoding="UTF-8"?>
<record
    xmlns:xsi="http://www.w3.org/2001/XMLSchema-instance"
    xsi:schemaLocation="http://www.loc.gov/MARC21/slim http://www.loc.gov/standards/marcxml/schema/MARC21slim.xsd"
    xmlns="http://www.loc.gov/MARC21/slim">

  <leader>02086cam a2200289 a 4500</leader>
  <controlfield tag="003">OSt</controlfield>
  <controlfield tag="005">20210723143548.0</controlfield>
  <controlfield tag="008">120517s2012    ck ad   r     000 0 spa d</controlfield>
  <datafield tag="020" ind1=" " ind2=" ">
    <subfield code="a">9789586957496</subfield>
  </datafield>
  <datafield tag="040" ind1=" " ind2=" ">
    <subfield code="a">CO-BoPUJ</subfield>
    <subfield code="c">CO-JMCR</subfield>
  </datafield>
  <datafield tag="041" ind1="0" ind2=" ">
    <subfield code="a">spa</subfield>
  </datafield>
  <datafield tag="082" ind1="0" ind2="4">
    <subfield code="a">338.542</subfield>
    <subfield code="b">U81a</subfield>
    <subfield code="2">23</subfield>
  </datafield>
  <datafield tag="100" ind1="1" ind2=" ">
    <subfield code="a">Urrutia Montoya, Miguel</subfield>
    <subfield code="e">autor</subfield>
    <subfield code="9">38071</subfield>
  </datafield>
  <datafield tag="245" ind1="1" ind2="4">
    <subfield code="a">Los actores en la crisis econ&#xF3;mica de fin de siglo / </subfield>
    <subfield code="c">Miguel Urrutia Montoya y Jorge Norberto Llano. </subfield>
  </datafield>
  <datafield tag="260" ind1=" " ind2=" ">
    <subfield code="a">Bogot&#xE1; : </subfield>
    <subfield code="b">Universidad de los Andes, </subfield>
    <subfield code="c">2012.</subfield>
  </datafield>
  <datafield tag="300" ind1=" " ind2=" ">
    <subfield code="a">184 p&#xE1;ginas : </subfield>
    <subfield code="b">ilustraciones, diagramas y gr&#xE1;ficos ; </subfield>
    <subfield code="c">24 cm.</subfield>
  </datafield>
  <datafield tag="490" ind1="0" ind2=" ">
    <subfield code="a">Colecci&#xF3;n CEDE 50 a&#xF1;os</subfield>
  </datafield>
  <datafield tag="504" ind1=" " ind2=" ">
    <subfield code="a">Bibliograf&#xED;a : p&#xE1;ginas 175-184.</subfield>
  </datafield>
  <datafield tag="505" ind1="0" ind2=" ">
    <subfield code="a">La crisis internacional y cambiaria de fin de siglo en Colombia. -- Crisis hipotecaria y financiera. -- El gobierno y la crisis fiscal. -- El congreso y la crisis econ&#xF3;mico. -- La crisis del sistema UPAC como crisis social y su dimensi&#xF3;n jur&#xED;dica. -- La consolidai&#xF3;n del banco central independiente.</subfield>
  </datafield>
  <datafield tag="520" ind1="0" ind2=" ">
    <subfield code="a">Los costos econ&#xF3;micos y sociales de la crisis econ&#xF3;mica y financiera de fin del siglo xx en Colombia fueron muy altos. El libro analiza las causas de la crisis y las pol&#xED;ticas econ&#xF3;mica y financiera que se implementaron y el papel y las posiciones de los diferentes actores responsables de la toma de decisiones y de los representantes de los grupos afectados. El texto identifica aciertos y errores de las pol&#xED;ticas, y hace algunas sugerencias sobre c&#xF3;mo evitar la vulnerabilidad de la econom&#xED;a colombiana a este tipo de sucesos, que tienen alta probabilidad de volver a ocurrir.
Tambi&#xE9;n se hacen comparaciones de lo que pas&#xF3; en Colombia en 1998-1999 con la reciente crisis hipotecaria de Estados Unidos y la crisis de la deuda europea de 2011.</subfield>
  </datafield>
  <datafield tag="650" ind1="1" ind2="4">
    <subfield code="a">Crisis econ&#xF3;mica</subfield>
    <subfield code="z">Colombia</subfield>
    <subfield code="9">38678</subfield>
  </datafield>
  <datafield tag="650" ind1="2" ind2="4">
    <subfield code="a">Pol&#xED;tica econ&#xF3;mica</subfield>
    <subfield code="z">Colombia</subfield>
    <subfield code="9">38679</subfield>
  </datafield>
  <datafield tag="650" ind1="2" ind2="4">
    <subfield code="a">Pol&#xED;tica monetaria</subfield>
    <subfield code="z">Colombia</subfield>
    <subfield code="9">6926</subfield>
  </datafield>
  <datafield tag="700" ind1="1" ind2=" ">
    <subfield code="a">Llano, Jorge Norberto</subfield>
    <subfield code="e">autor</subfield>
    <subfield code="9">38680</subfield>
  </datafield>
  <datafield tag="942" ind1=" " ind2=" ">
    <subfield code="2">ddc</subfield>
    <subfield code="c">BK</subfield>
  </datafield>
  <datafield tag="999" ind1=" " ind2=" ">
    <subfield code="c">12002</subfield>
    <subfield code="d">12002</subfield>
  </datafield>
  <datafield tag="952" ind1=" " ind2=" ">
    <subfield code="0">0</subfield>
    <subfield code="1">0</subfield>
    <subfield code="2">ddc</subfield>
    <subfield code="4">0</subfield>
    <subfield code="7">0</subfield>
    <subfield code="a">CPL</subfield>
    <subfield code="b">CPL</subfield>
    <subfield code="c">GEN</subfield>
    <subfield code="d">2018-04-15</subfield>
    <subfield code="e">Donaci&#xF3;n</subfield>
    <subfield code="l">1</subfield>
    <subfield code="o">338.542 U81a</subfield>
    <subfield code="p">430002273</subfield>
    <subfield code="r">2024-05-16 00:00:00</subfield>
    <subfield code="s">2023-10-17</subfield>
    <subfield code="t">Ej.1</subfield>
    <subfield code="w">2021-03-10</subfield>
    <subfield code="y">BK</subfield>
  </datafield>
  <datafield tag="952" ind1=" " ind2=" ">
    <subfield code="0">0</subfield>
    <subfield code="1">0</subfield>
    <subfield code="2">ddc</subfield>
    <subfield code="4">0</subfield>
    <subfield code="7">0</subfield>
    <subfield code="a">CPL</subfield>
    <subfield code="b">CPL</subfield>
    <subfield code="c">GEN</subfield>
    <subfield code="d">2018-04-15</subfield>
    <subfield code="e">Donaci&#xF3;n</subfield>
    <subfield code="l">0</subfield>
    <subfield code="o">338.542 U81a</subfield>
    <subfield code="p">430002272</subfield>
    <subfield code="r">2024-05-16 00:00:00</subfield>
    <subfield code="t">Ej.2</subfield>
    <subfield code="w">2021-03-10</subfield>
    <subfield code="y">BK</subfield>
  </datafield>
</record>
